00430nam a2200157Ia 450000500170000000800460001703700120006304000200007504100130009508400230010810000220013124500580015326000370021130000100024865000140025820250508151418.0008 250505s9999 xx 000 0 eng d aTextual aFEDLbengcFEDL aeng2eng a330.973, CLOqFEDL aClough Shepard B. 0aAmerican way : The economic basis of our civilization aNew York, USAbThomas Y. Crowell a246p. aEconomics